[Event "Danmarksmesterskabet 2026"]
[Site "Svendborg"]
[Date "2026.03.30"]
[Round "3.4"]
[White "Borge, Nikolaj"]
[Black "Ramsdal, Jens Albert"]
[Result "1-0"]
[WhiteElo "2367"]
[BlackElo "2329"]
[WhiteFideId "1400312"]
[BlackFideId "1429221"]
[EventDate "2026.03.28"]
[EventType "tourn"]
[EventRounds "9"]
[EventCountry "DEN"]
[SourceTitle "Live v. Kasper Jerwiarz"]

1. e4 c5 2. Nf3 g6 3. d4 cxd4 4. Nxd4 Nc6 5. c4 Nf6 6. Nc3 d6 7. Be2 Nxd4 8. Qxd4 Bg7 9. Be3 O-O 10. Qd2 a5 11. O-O a4 12. Rab1 Qa5 13. Rfc1 Be6 14. f3 Rfc8 15. b4 axb3 16. axb3 Qb4 17. Kf1 Nd7 18. Bg5 f6 19. Bh4 b5?! { Inaccuracy. Ra3 was best. } 20. Qd1 bxc4?! { Inaccuracy. Bh6 was best. } 21. Nd5 Bxd5 22. Qxd5+ Kh8 23. Rxc4 Qb8 24. Qe6?! { Inaccuracy. b4 was best. } 24... Nc5 25. Qh3? { Mistake. Qd5 was best. } 25... Rc7?! { Inaccuracy. Ra2 was best. } 26. b4 Na4 27. Be1 Nb6?! { Inaccuracy. Rxc4 was best. } 28. Rcc1 Qc8? { Mistake. d5 was best. } 29. Qxc8+ Rcxc8 30. Bf2?! { Inaccuracy. Rxc8+ was best. } 30... Na4? { Mistake. Rxc1+ was best. } 31. Ra1?! { Inaccuracy. Rxc8+ was best. } 31... Rcb8 32. Bd1 Bh6 33. Rc2?! { Inaccuracy. Rc7 was best. } 33... Nb6?! { Inaccuracy. Bf4 was best. } 34. Rxa8?! { Inaccuracy. Ra5 was best. } 34... Nxa8 35. Ba7 Rxb4 36. Rc8+ Kg7 37. Rxa8 Rb1 38. Ke2 Rb2+ 39. Ke1 Rxg2 40. h4?! { Inaccuracy. Re8 was best. } 40... Bf4?! { Inaccuracy. Rb2 was best. } 41. Bf2?! { Inaccuracy. Bb3 was best. } 41... f5? { Mistake. Bg3 was best. } 42. Ra7?! { Inaccuracy. exf5 was best. } 42... Kf8? { Mistake. Rh2 was best. } 43. Kf1?! { Inaccuracy. exf5 was best. } 43... Rh2 44. Kg1 fxe4 45. Ra4 d5 46. fxe4 dxe4 47. Rxe4 Bd6 48. Bg4 Kf7 49. Be6+ Kf8 50. Rc4 Kg7 51. Rc2 Kf8 52. Ra2 Be5 53. Ra3 Bd6?? { Checkmate is now unavoidable. Kg7 was best. } 54. Rf3+ Ke8 55. Rf7?? { Lost forced checkmate sequence. Rc3 was best. } 55... Bg3?! { Inaccuracy. Rh3 was best. } 56. Bxg3 Re2 57. Bc4 1-0

[Event "Danmarksmesterskabet 2026"]
[Site "Svendborg"]
[Date "2026.03.30"]
[Round "3.5"]
[White "Medhus, Vitus Bondo"]
[Black "Olsen, Filip Boe"]
[Result "0-1"]
[WhiteElo "2439"]
[BlackElo "2456"]
[WhiteFideId "1462547"]
[BlackFideId "1440640"]
[EventDate "2026.03.28"]
[EventType "tourn"]
[EventRounds "9"]
[EventCountry "DEN"]
[SourceTitle "Live v. Kasper Jerwiarz"]

1. e4 e5 2. d4 exd4 3. Nf3 Nc6 4. Bc4 Nf6 5. e5 Ne4 6. Qe2 Nc5 7. c3 Ne6 8. O-O d5 9. exd6 Bxd6 10. cxd4 O-O 11. Be3 Qf6 12. Qd2?! { Inaccuracy. Qd1 was best. } 12... Nf4 13. g3 Bg4 14. Ne1 Ng6 15. Nc3 Bh3 16. Ng2 Rad8 17. Bg5?? { Blunder. f3 was best. } 17... Nxd4 18. Ne1 Ne5 19. Qxd4? { Mistake. Bxf6 was best. } 19... Qxg5 20. Ne4 Qh5 21. f4 Nxc4 22. Rf2 Nb6 23. Nf3 Qd5 24. Nf6+?! { Inaccuracy. Qxd5 was best. } 24... gxf6 25. Qxf6 Bc5 26. Re1 Bxf2+ 27. Kxf2 Qc5+ 28. Re3 Qxe3+ 0-1

[Event "Danmarksmesterskabet 2026"]
[Site "Svendborg"]
[Date "2026.03.31"]
[Round "4.1"]
[White "Olsen, Filip Boe"]
[Black "Hansen, Sune Berg"]
[Result "1/2-1/2"]
[WhiteElo "2456"]
[BlackElo "2498"]
[WhiteFideId "1440640"]
[BlackFideId "1400266"]
[EventDate "2026.03.28"]
[EventType "tourn"]
[EventRounds "9"]
[EventCountry "DEN"]
[SourceTitle "Live v. Kasper Jerwiarz"]

1. e4 e5 2. Nc3 Nc6 3. Bc4 Nf6 4. d3 Bc5 5. Nf3 h6 6. a3 a6 7. Be3 d6 8. h3 Bxe3 9. fxe3 Be6 10. Rf1 Ne7 11. Qe2 Ng6 12. O-O-O Qe7 13. g4 c6 14. Bxe6 Qxe6 15. d4 Qe7 16. h4 h5 17. dxe5 dxe5 18. g5 Ng4 19. Nh2 Qe6? { Mistake. Nxh2 was best. } 20. Na4? { Mistake. Nxg4 was best. } 20... Nxh2 21. Qxh2 O-O 22. Qe2 Rad8 23. Rxd8 Rxd8 24. Qxh5 Qc4? { Mistake. b5 was best. } 25. Qf3 Nxh4 26. Qf2 Ng6 27. Qf5?? { Blunder. Nc5 was best. } 27... Nf4 28. Rh1?! { Inaccuracy. Rxf4 was best. } 28... Ne2+?? { Blunder. Qa2 was best. } 29. Kb1 Ng3 30. Qh7+ Kf8 31. Qh8+ Ke7 32. Qxg7 Nxh1 33. Qf6+ Ke8 34. Qh8+ Ke7 35. Qf6+ Ke8 36. Qh8+ Ke7 37. Qf6+ Ke8 38. Qh8+ 1/2-1/2

[Event "Danmarksmesterskabet 2026"]
[Site "Svendborg"]
[Date "2026.03.31"]
[Round "4.2"]
[White "Ochsner, Bjorn Moller"]
[Black "Pilgaard, Kim"]
[Result "1-0"]
[WhiteElo "2461"]
[BlackElo "2355"]
[WhiteFideId "1416928"]
[BlackFideId "1400657"]
[EventDate "2026.03.28"]
[EventType "tourn"]
[EventRounds "9"]
[EventCountry "DEN"]
[SourceTitle "Live v. Kasper Jerwiarz"]

1. e4 e5 2. Nf3 Nc6 3. Bc4 Bc5 4. c3 Nf6 5. d3 O-O 6. O-O d5 7. exd5 Nxd5 8. a4 a6 9. Nbd2 Kh8 10. Re1 f6 11. a5 Ba7 12. Ne4 Be6 13. Qb3 Rb8 14. Ng3 Bg8 15. Qc2 Qd7 16. b4 Nce7 17. Bd2 Rfe8 18. Rad1 Ng6 19. Be3 Nxe3 20. fxe3 c5 21. Bxg8 Rxg8 22. bxc5 Bxc5 23. d4 exd4 24. exd4 Bd6 25. Ne4 Bc7 26. Nc5 Qd5 27. c4 Qh5 28. Qd2?! { Inaccuracy. Re4 was best. } 28... Qg4 29. Ne6 Bf4? { Mistake. Ne5 was best. } 30. Qd3 Rge8?! { Inaccuracy. Ne5 was best. } 31. d5 Bd6 32. c5?! { Inaccuracy. Re4 was best. } 32... Nf4 33. Qc2 Rec8 34. Rd4?! { Inaccuracy. Qb2 was best. } 34... g5?? { Blunder. Rxc5 was best. } 35. Rc4 Kg8 36. Nxf4 Bxf4 37. Kh1 Re8 38. Rce4 Qd7 39. d6 Rxe4 40. Qxe4 Kf8?! { Inaccuracy. Rd8 was best. } 41. g3 1-0

[Event "Danmarksmesterskabet 2026"]
[Site "Svendborg"]
[Date "2026.03.31"]
[Round "4.3"]
[White "Nielsen, Viktor Haarmark"]
[Black "Medhus, Vitus Bondo"]
[Result "1/2-1/2"]
[WhiteElo "2389"]
[BlackElo "2439"]
[WhiteFideId "1444492"]
[BlackFideId "1462547"]
[EventDate "2026.03.28"]
[EventType "tourn"]
[EventRounds "9"]
[EventCountry "DEN"]
[SourceTitle "Live v. Kasper Jerwiarz"]

1. d4 d5 2. c4 e6 3. Nf3 Nd7 4. Nc3 Ngf6 5. Bg5 h6 6. Bh4 c6 7. e3 g5 8. Bg3 Nh5 9. cxd5 exd5 10. Qc2 Nxg3 11. hxg3 Bg7 12. O-O-O Nb6 13. Ne5 Qe7 14. f4 Be6 15. Bd3 O-O-O 16. Kb1 Kb8 17. Na4 Nxa4 18. Qxa4 Rhe8 19. Rc1 f6 20. Nf3 Qd7 21. Qc2 Bg4 22. Rce1 Re7 23. Nh2 Be6 24. Bg6 Rc8 25. g4 b6 26. Bf5 Rce8 27. fxg5 fxg5 28. Nf1 Qd6 29. Rc1 Kb7?! { Inaccuracy. Bxf5 was best. } 30. Rh3 Bg8?! { Inaccuracy. Bxf5 was best. } 31. Rf3 Rc7 32. Bd3 c5 33. Qa4 Ree7 34. Ng3 Be6 35. dxc5?! { Inaccuracy. Ba6+ was best. } 35... Rxc5 36. Rxc5 Qxc5 37. Nf5 Rc7 38. Rf1 Bxf5 39. gxf5 Qxe3 40. Ba6+ Kb8 41. a3 Bf6 42. Qb4 Qe4+ 43. Qxe4 dxe4 44. Re1 Rc5 45. Rxe4 Rxf5 46. Rc4 Rc5 47. Rxc5 bxc5 48. g4 Kc7 49. Bc4 h5 50. gxh5 Kd6 51. Kc2 Ke5 52. Kd3 Kf4 53. b3 g4 54. Ke2 Kg5 1/2-1/2

[Event "Danmarksmesterskabet 2026"]
[Site "Svendborg"]
[Date "2026.03.31"]
[Round "4.4"]
[White "Chatalbashev, Boris"]
[Black "Ramsdal, Jens Albert"]
[Result "1-0"]
[WhiteElo "2534"]
[BlackElo "2329"]
[WhiteFideId "2900440"]
[BlackFideId "1429221"]
[EventDate "2026.03.28"]
[EventType "tourn"]
[EventRounds "9"]
[EventCountry "DEN"]
[SourceTitle "Live v. Kasper Jerwiarz"]

1. b3 Nf6 2. Bb2 e6 3. f4 c5 4. Nf3 Nc6 5. e3 b6 6. Be2 Bb7 7. O-O Be7 8. d3 Nd5 9. Qd2 Bf6 10. d4 cxd4 11. exd4 Nde7 12. Nc3 d5 13. Nd1 Nf5 14. Nf2 h5 15. Ne5 Nxe5 16. fxe5 Bg5 17. Bb5+ Kf8 18. Qe2 Be3 19. c3 Qg5 20. Bd3 h4 21. Bxf5 exf5 22. Bc1 h3 23. g3 Bxc1 24. Raxc1 Rh4 25. Qf3 Rc8 26. Kh1 Rxd4 27. Nxh3 Qg4 28. Qg2 Re4 29. Nf2 Qg5?! { Inaccuracy. Qg6 was best. } 30. Nxe4 fxe4?! { Inaccuracy. dxe4 was best. } 31. Qf2 Rc7 32. Qf4 Qxf4 33. gxf4 e3 34. Kg1 Rc6 35. f5 g6?! { Inaccuracy. e2 was best. } 36. Rfe1 gxf5 37. Rxe3 f4?! { Inaccuracy. d4 was best. } 38. Rd3 Rg6+ 39. Kf2 Rg5 40. Rd4 Rh5 41. Rxf4 Rxh2+ 42. Kg3 Re2 43. Rcf1 Re3+ 44. Kh4 Ba6?! { Inaccuracy. Re4 was best. } 45. Rxf7+ Ke8 46. Rf8+ Ke7 47. R1f7+ Ke6 48. Rxa7 Bb5?! { Inaccuracy. Be2 was best. } 1-0

[Event "Danmarksmesterskabet 2026"]
[Site "Svendborg"]
[Date "2026.03.31"]
[Round "4.5"]
[White "Liu, Casper Yukun"]
[Black "Borge, Nikolaj"]
[Result "0-1"]
[WhiteElo "2334"]
[BlackElo "2367"]
[WhiteFideId "1454153"]
[BlackFideId "1400312"]
[EventDate "2026.03.28"]
[EventType "tourn"]
[EventRounds "9"]
[EventCountry "DEN"]
[SourceTitle "Live v. Kasper Jerwiarz"]

1. e4 e5 2. Nf3 Nc6 3. Bb5 a6 4. Ba4 Nf6 5. O-O Nxe4 6. d4 b5 7. Bb3 d5 8. dxe5 Be6 9. c3 Be7 10. Nbd2 Nc5 11. Bc2 d4 12. Nb3 d3 13. Nxc5 dxc2 14. Qxd8+ Rxd8 15. Nxe6 fxe6 16. Be3 Rd5 17. Rfc1 Nxe5 18. Nxe5 Rxe5 19. a4 Kd7 20. axb5 axb5 21. Bd4 Rd5 22. Rxc2 e5 23. Be3 Ra8 24. Rcc1 Rxa1 25. Rxa1 b4 26. Kf1 bxc3 27. bxc3 Rd3 28. Rc1 Bf6 29. c4 e4 30. Ke2 Kc6 31. f3 Rb3 32. Rc2 exf3+ 33. gxf3 Be5 34. h3 Rb1 35. Bc1 Rb3 36. Be3 Bb2 37. Bf4 Ba3 38. Be5 g6 39. Rc3 Rb2+ 40. Ke3 Bb4 41. Rd3 Rc2 42. Rd8 Rxc4 43. f4 Bd6 44. Kf3 Rc5 45. Ke4 Rb5 46. Rh8?? { Blunder. Bxd6 was best. } 46... Rb4+ 47. Kf3 Bxe5 48. fxe5 Rh4 49. Rd8 Rxh3+ 50. Kf4 Rh1 51. Kg5 Rf1 52. Kh6 Rf7 53. Re8 Kd7 54. Ra8 Ke6 55. Ra5 Kf5 56. e6+ Kxe6 57. Rf5?? { Checkmate is now unavoidable. Ra6+ was best. } 57... gxf5 0-1

[Event "Danmarksmesterskabet 2026"]
[Site "Svendborg"]
[Date "2026.04.01"]
[Round "5.1"]
[White "Borge, Nikolaj"]
[Black "Ochsner, Bjorn Moller"]
[Result "1-0"]
[WhiteElo "2367"]
[BlackElo "2461"]
[WhiteFideId "1400312"]
[BlackFideId "1416928"]
[EventDate "2026.03.28"]
[EventType "tourn"]
[EventRounds "9"]
[EventCountry "DEN"]
[SourceTitle "Live v. Kasper Jerwiarz"]

1. e4 c5 2. Nf3 Nc6 3. d4 cxd4 4. Nxd4 Nf6 5. Nc3 e5 6. Ndb5 d6 7. Nd5 Nxd5 8. exd5 Ne7 9. c4 Ng6 10. Qa4 Bd7 11. Qb4 Qb8 12. Be3 a6 13. Nc3 Be7 14. Na4 Qc7 15. Bb6 Qc8 16. Ba5 Rb8 17. Bb6?! { Inaccuracy. Nb6 was best. } 17... Ra8?! { Inaccuracy. O-O was best. } 18. Ba5 Rb8 19. Nb6 Qc7 20. O-O-O?! { Inaccuracy. Na8 was best. } 20... O-O 21. Kb1 e4 22. h3 Ne5?! { Inaccuracy. Rfe8 was best. } 23. Ka1?! { Inaccuracy. c5 was best. } 23... f5?! { Inaccuracy. Bd8 was best. } 24. c5 Nf7 25. cxd6 Nxd6 26. Nc4 b6 27. Bxb6 Nxc4?? { Blunder. Qb7 was best. } 28. d6 Nxd6 29. Qb3+ Nf7?! { Inaccuracy. Kh8 was best. } 30. Bxc7 Rxb3 31. Rxd7 Rb7 32. Rxe7 Rc8 33. Bc4 Rbxc7 34. Bxf7+ Kf8 35. Rxc7 Rxc7 36. Bb3 1-0

[Event "Danmarksmesterskabet 2026"]
[Site "Svendborg"]
[Date "2026.04.01"]
[Round "5.2"]
[White "Hansen, Sune Berg"]
[Black "Nielsen, Viktor Haarmark"]
[Result "1-0"]
[WhiteElo "2498"]
[BlackElo "2389"]
[WhiteFideId "1400266"]
[BlackFideId "1444492"]
[EventDate "2026.03.28"]
[EventType "tourn"]
[EventRounds "9"]
[EventCountry "DEN"]
[SourceTitle "Live v. Kasper Jerwiarz"]

1. e4 e5 2. Nf3 Nc6 3. Bc4 Nf6 4. d3 Be7 5. O-O O-O 6. Re1 d6 7. a3 Kh8 8. Nc3 Be6 9. Nd5 Nb8 10. h3 c6 11. Nxf6 Bxf6 12. Bxe6 fxe6 13. c3 c5 14. Be3 Nc6 15. b4 cxb4 16. axb4 b5 17. Qb3 Qd7 18. Ra6 Rfc8 19. Rea1 h6 20. Qa2 Nd8?! { Inaccuracy. Rc7 was best. } 21. Qd2 d5?! { Inaccuracy. Qc7 was best. } 22. Bxh6 Nf7 23. Be3 dxe4 24. dxe4 Qxd2 25. Bxd2 Rd8 26. Rxe6 Nd6 27. Nxe5 Kg8 28. Be3?! { Inaccuracy. Nc6 was best. } 28... Nxe4 29. Bd4 Rd5 30. Nc6 Nxc3 31. Bxf6 1-0

[Event "Danmarksmesterskabet 2026"]
[Site "Svendborg"]
[Date "2026.04.01"]
[Round "5.3"]
[White "Pilgaard, Kim"]
[Black "Olsen, Filip Boe"]
[Result "1/2-1/2"]
[WhiteElo "2355"]
[BlackElo "2456"]
[WhiteFideId "1400657"]
[BlackFideId "1440640"]
[EventDate "2026.03.28"]
[EventType "tourn"]
[EventRounds "9"]
[EventCountry "DEN"]
[SourceTitle "Live v. Kasper Jerwiarz"]

1. e4 c6 2. d4 d5 3. Nc3 dxe4 4. Nxe4 Nf6 5. Nxf6+ exf6 6. Be3 Bd6 7. Bd3 Na6 8. a3 Nc7 9. c4 f5 10. Ne2 O-O 11. Qd2 g6 12. O-O Ne6 13. Rad1 Qc7 14. f4 b6 15. b4 Bb7 16. c5 Be7 17. Bc4?! { Inaccuracy. g4 was best. } 17... Bf6 18. Qc1 Rad8 19. Rd3 Qc8 20. Rfd1 Nc7 21. Kh1?! { Inaccuracy. Bf2 was best. } 21... Rfe8 22. Ng1 Nd5 23. Nf3?! { Inaccuracy. Bxd5 was best. } 23... Ba6 24. Bxa6 Qxa6 25. cxb6 Qxb6?! { Inaccuracy. axb6 was best. } 26. Ne5 Re6 27. Bg1 Qb5 28. Rf3 Bg7 29. Bf2 Rde8 30. Kg1 Bf6 31. Rd2 Be7 32. Rc2 Rc8 33. g3 f6 34. Nc4 Bd8 35. Qf1 Bb6 36. Qd3 Rce8 37. Kg2 Bc7 38. h4 Qb8 39. Ne3 Qd8 40. Qb3 Bb6 41. b5 Rxe3?! { Inaccuracy. Nxe3+ was best. } 42. Rxe3 Rxe3 43. Bxe3 cxb5 44. Bf2 Qd7 45. Rc1 Kg7 1/2-1/2

[Event "Danmarksmesterskabet 2026"]
[Site "Svendborg"]
[Date "2026.04.01"]
[Round "5.4"]
[White "Ramsdal, Jens Albert"]
[Black "Liu, Casper Yukun"]
[Result "1-0"]
[WhiteElo "2329"]
[BlackElo "2334"]
[WhiteFideId "1429221"]
[BlackFideId "1454153"]
[EventDate "2026.03.28"]
[EventType "tourn"]
[EventRounds "9"]
[EventCountry "DEN"]
[SourceTitle "Live v. Kasper Jerwiarz"]

1. e4 e6 2. d4 d5 3. Nc3 Nf6 4. exd5 exd5 5. Bg5 Be7 6. Qd2 O-O 7. O-O-O c6 8. h4 b5 9. f3?! { Inaccuracy. Bd3 was best. } 9... Nbd7 10. Re1 Nb6 11. Qe3 Be6?! { Inaccuracy. Bd6 was best. } 12. Nh3 Re8 13. Nf4 Bd7 14. Qf2 Nc4 15. Bxc4 bxc4 16. Re2?! { Inaccuracy. Nfe2 was best. } 16... Rb8?! { Inaccuracy. h6 was best. } 17. Qg3 Kh8 18. Rhe1 Bd6?? { Blunder. Ra8 was best. } 19. Ng6+ hxg6 20. Qxd6 Rxe2 21. Rxe2 Be6 22. Qxc6 Rb6 23. Qc5 Qb8 24. Qa3 Nh5 25. g4 Nf4 26. Re5 f6? { Mistake. Nh3 was best. } 27. Bxf4 fxe5 28. Bxe5 Qa8?! { Inaccuracy. Qc8 was best. } 29. Qe7 Qb7?! { Inaccuracy. Qg8 was best. } 30. Qf8+ Bg8 31. Nxd5 Rxb2 32. Nc7 Rb1+ 33. Kd2 Qb4+ 34. Qxb4 Rxb4 35. Kc3 Ra4 36. d5 Ra3+ 37. Kxc4 Rxa2?! { Inaccuracy. Rxf3 was best. } 38. Kd3? { Mistake. Kb3 was best. } 38... Ra5? { Mistake. g5 was best. } 39. d6 Be6 40. Bc3 Rc5 41. Nxe6 1-0

[Event "Danmarksmesterskabet 2026"]
[Site "Svendborg"]
[Date "2026.04.01"]
[Round "5.5"]
[White "Medhus, Vitus Bondo"]
[Black "Chatalbashev, Boris"]
[Result "0-1"]
[WhiteElo "2439"]
[BlackElo "2534"]
[WhiteFideId "1462547"]
[BlackFideId "2900440"]
[EventDate "2026.03.28"]
[EventType "tourn"]
[EventRounds "9"]
[EventCountry "DEN"]
[SourceTitle "Live v. Kasper Jerwiarz"]

1. e4 c5 2. Nf3 d6 3. d4 cxd4 4. Nxd4 Nf6 5. Nc3 g6 6. Be3 Bg7 7. f3 Nc6 8. Bc4 O-O 9. Bb3 Bd7 10. h4 h5 11. Qd2 Ne5 12. O-O-O Rc8 13. Kb1 Nc4 14. Bxc4 Rxc4 15. g4 hxg4 16. h5 Nxh5 17. fxg4 Bxg4 18. Rdg1 Qd7 19. Rh4 e5 20. Ndb5 a6 21. Na3? { Mistake. Nxd6 was best. } 21... Rxc3 22. Qxc3 Be6 23. Qd2 Nf4 24. Rgh1?! { Inaccuracy. Qh2 was best. } 24... g5 25. R4h2?! { Inaccuracy. Rh7 was best. } 25... f5?! { Inaccuracy. d5 was best. } 26. Bxf4 exf4 27. Rh5? { Mistake. Rg2 was best. } 27... Qe7 28. Rg1 g4 29. exf5 Qf6 30. c3 Bxf5+ 31. Kc1?! { Inaccuracy. Nc2 was best. } 31... f3 32. Rh2 Be6 33. Qf2 Qg6 34. Nc2 Bxa2 35. Qh4 f2 36. Rxf2 Qh6+ 37. Qxh6 Bxh6+ 38. Rd2 Rf2 39. Rxg4+ Kf7 40. b3 Rxd2 41. Kb2 Bg7 42. Ra4 Ke6 43. Rxa2 Rd3 44. Nb4 Rxc3 45. Ka3 a5?! { Inaccuracy. Rc5 was best. } 46. Re2+ Be5 47. Nc2?! { Inaccuracy. Na2 was best. } 47... Kd7 48. Ka4 Kc6 49. Na3?! { Inaccuracy. b4 was best. } 49... Rc5?! { Inaccuracy. Rc1 was best. } 50. Re4?? { Blunder. b4 was best. } 50... b5+ 51. Kxa5 b4+ 52. Nb5 Rxb5+ 53. Ka4 Rb8 54. Rc4+ Kd5 0-1

[Event "Danmarksmesterskabet 2026"]
[Site "Svendborg"]
[Date "2026.04.02"]
[Round "6.1"]
[White "Olsen, Filip Boe"]
[Black "Borge, Nikolaj"]
[Result "1-0"]
[WhiteElo "2456"]
[BlackElo "2367"]
[WhiteFideId "1440640"]
[BlackFideId "1400312"]
[EventDate "2026.03.28"]
[EventType "tourn"]
[EventRounds "9"]
[EventCountry "DEN"]
[SourceTitle "Live v. Kasper Jerwiarz"]

1. d4 d5 2. Nf3 e6 3. Bf4 c5 4. e3 Nf6 5. Nbd2 Nc6 6. c3 Nh5 7. Bg5 f6 8. Bh4 g6 9. Bd3 Be7 10. O-O Qb6 11. dxc5 Qxb2?! { Inaccuracy. Bxc5 was best. } 12. c4 Qa3 13. Nb3 dxc4 14. Bxc4 Ng7 15. e4? { Mistake. Nfd4 was best. } 15... e5 16. Nfd2 Ne6? { Mistake. Be6 was best. } 17. Bd5 h5 18. Nc4 Qb4?! { Inaccuracy. Qa4 was best. } 19. Nd6+? { Mistake. f3 was best. } 19... Bxd6 20. Bxc6+ Kf7?? { Blunder. bxc6 was best. } 21. a3 Qc3 22. Rc1 Qb2 23. Bd5 Be7 24. c6 Rd8 25. Na5 g5?? { Blunder. b5 was best. } 26. cxb7 Bxb7 27. Qxh5+ Kg7 28. Bxe6 Bxe4? { Checkmate is now unavoidable. Qxc1 was best. } 29. Qf7+ Kh6 30. Qxe7 Rh8?! { Checkmate is now unavoidable. Bg6 was best. } 1-0

[Event "Danmarksmesterskabet 2026"]
[Site "Svendborg"]
[Date "2026.04.02"]
[Round "6.2"]
[White "Ochsner, Bjorn Moller"]
[Black "Ramsdal, Jens Albert"]
[Result "1-0"]
[WhiteElo "2461"]
[BlackElo "2329"]
[WhiteFideId "1416928"]
[BlackFideId "1429221"]
[EventDate "2026.03.28"]
[EventType "tourn"]
[EventRounds "9"]
[EventCountry "DEN"]
[SourceTitle "Live v. Kasper Jerwiarz"]

1. e4 e6 2. d4 d5 3. e5 c5 4. c3 Qb6 5. Nf3 Nc6 6. a3 Nh6 7. Bd3 cxd4 8. cxd4 Bd7 9. Bc2 Nf5 10. Bxf5 exf5 11. Nc3 Be6 12. b4 h6 13. h4 Be7 14. Qd3 Qd8 15. Bf4 Rc8 16. h5 O-O 17. O-O Qd7 18. Rfe1 a6 19. Ne2 Na7 20. Be3 Qa4 21. Nf4 Nb5 22. Qd1 Qc2 23. Nd3 b6 24. a4 Qxd1 25. Rexd1 Nc3 26. Rd2 Rc4 27. Rb2 f4 28. Nxf4 Rxb4 29. Rxb4 Bxb4 30. Bd2 Rc8 31. Rc1 Rc4 32. Bxc3 Rxc3?! { Inaccuracy. Bxc3 was best. } 33. Rxc3 Bxc3 34. Nxe6 fxe6 35. Kf1 Kf7 36. Ke2 Bb4 37. Nh2 g6 38. g4 g5 39. Ke3 Ke7 40. Nf1 Kd7 41. Ng3 Be1 42. Ne2 Bb4 43. Nc1 Ba3 44. Nd3 Be7 45. Ke2 Kc6 46. Kd2 Kd7 47. Kc3 Kc6 48. Kb3 Kc7?? { Blunder. Kd7 was best. } 49. Kc3? { Mistake. a5 was best. } 49... Kc6 50. Kc2 Kc7 51. f3 Kc6 52. Nf2 Kd7 53. Nh3?! { Inaccuracy. Nd3 was best. } 53... Ke8 54. Kc3 Kf7 55. Kd3 Ke8 56. Kc2 Kf7 57. Nf2 Ke8 58. Nd3 Kd7 59. Kc3 Kc6 60. Ne1 Kd7 61. Nc2 Kc6 62. Na1 Kd7 63. Nb3 Kc6 64. Kd3 Bb4?! { Inaccuracy. a5 was best. } 65. Nc1 Ba3 66. Ne2 Be7 67. Kc3 Kd7 68. Ng1 Ke8 69. Nh3 Kf7 70. Kb3 Ke8 71. a5 b5 72. f4 Bd8 73. fxg5 Bxg5 74. Kc3 Bd8 75. Kb4 Be7+ 76. Kb3 Bg5 77. Ng1 Bd8 78. Nf3 Kf7 79. Kb4 Be7+ 80. Kc3 Bd8 81. Kb3 Kg7 82. Kb4 Be7+ 83. Kb3 Bd8 84. Ne1 Bxa5 85. Nd3 Bd2? { Mistake. Bb6 was best. } 86. Nc5 Be3 87. Kc3 a5?! { Inaccuracy. Kf7 was best. } 88. Kd3 Bg5?? { Blunder. Bc1 was best. } 89. Nxe6+ Kf7 90. Nxg5+ 1-0

[Event "Danmarksmesterskabet 2026"]
[Site "Svendborg"]
[Date "2026.04.02"]
[Round "6.3"]
[White "Medhus, Vitus Bondo"]
[Black "Hansen, Sune Berg"]
[Result "1-0"]
[WhiteElo "2439"]
[BlackElo "2498"]
[WhiteFideId "1462547"]
[BlackFideId "1400266"]
[EventDate "2026.03.28"]
[EventType "tourn"]
[EventRounds "9"]
[EventCountry "DEN"]
[SourceTitle "Live v. Kasper Jerwiarz"]

1. e4 e5 2. Nf3 Nc6 3. Bb5 a6 4. Ba4 Nf6 5. O-O Be7 6. Re1 b5 7. Bb3 O-O 8. c3 d5 9. exd5 Nxd5 10. Nxe5 Nxe5 11. Rxe5 Bb7 12. Qf3 Bd6 13. Bxd5 c6 14. Re1 cxd5 15. d4 Qc7 16. g3 Rae8 17. Rxe8 Rxe8 18. Be3 b4 19. a3 bxa3 20. Nxa3 Qb6 21. b4 Qc6 22. Bd2 Qa4?! { Inaccuracy. a5 was best. } 23. Qd1?! { Inaccuracy. Qd3 was best. } 23... Qd7?! { Inaccuracy. Qxd1+ was best. } 24. Nc2 g6 25. Qf3 Re4 26. Ne1 Qe8 27. Nd3 Bc8 28. Bf4 Bxf4 29. Nxf4 Qc6 30. h3 Qf6 31. Qd3 Qf5 32. Qd2 g5?! { Inaccuracy. Bb7 was best. } 33. Ng2? { Mistake. Nh5 was best. } 33... h6 34. Re1 Qxh3 35. Rxe4 dxe4 36. Qe2 Qd7? { Mistake. Qg4 was best. } 37. Ne3?! { Inaccuracy. Qc4 was best. } 37... f5 38. Qc4+ Kg7 39. g4 fxg4 40. Qc5 Kg6 41. Nd5? { Mistake. Nc4 was best. } 41... e3?! { Inaccuracy. g3 was best. } 42. Nxe3 Bb7? { Mistake. h5 was best. } 43. d5 h5 44. Qb6+ Kh7 45. c4 Qe7 46. Kf1? { Mistake. Qc5 was best. } 46... Bc8?! { Inaccuracy. g3 was best. } 47. Qb8 Bd7 48. c5 Bb5+ 49. Kg1 h4? { Mistake. Qf6 was best. } 50. Nxg4 Qe1+ 51. Kh2 Qxb4 52. Qc7+ Kg6 53. Qd6+ Kf5 54. Qe6+ Kf4 55. Nf6 1-0